000 01189nam a22002537a 4500
003 OSt
005 20230914160804.0
008 221006b |||||||| |||| 00| 0 eng d
040 _cBiblioteca Lado V
082 _a700
_bR673a
100 _91065
_aRoche Rabel, Arnaldo
_eautor
245 _aActos Compulsivos/
260 _bMUSEO DE ARTE DE PONCE
300 _c28x22cm
_a32p.
366 _espa
505 _tPresentación
505 _aAterrorizar mujeres y niños Estudio sobre revuelto La resistencia se hace en la sopa Secuestro a Miguel Hidalgo
_tUrgencia y Coyuntura #6
505 _aDecálago del ente transparente La ventana Algunas notas y Experiencias sobre la colonización Neo-Liberal del cuerpo femenino Pulsar Manifiesto 666Histerismocrítico
_tChicatanas #7
505 _aDónde están las coronas? La panza del Tepozteco ¿Qué implica ser salvaje? Huelga contra el tiempo
_tTiempos Ferales #8
650 _2Tesauro de Arte & Arquitectura
_aARTE
_9703
650 _2Tesauro de Arte & Arquitectura
_aCATALOGO
_9702
650 _2Tesauro de Arte & Arquitectura
_aCOLECCIÓN
_9702
942 _2ddc
_c1
_h700
_iR673a
_n0
999 _c4335
_d4335